| 000 | 00340nam a22001457a 4500 | ||
|---|---|---|---|
| 005 | 20260305082557.0 | ||
| 008 | 260305b |||||||| |||| 00| 0 eng d | ||
| 040 |
_a _c |
||
| 100 |
_aBORUAH AJIT _91170 |
||
| 245 | _aBRAHMAPUTRA ETYADI PADYA | ||
| 250 | _a2ND | ||
| 260 |
_aGUWAHATI _bBANALATA _c1992 |
||
| 300 | _a96;P | ||
| 942 |
_2ddc _cBK |
||
| 999 |
_c32259 _d32259 |
||